| 000 | 01220cam a2200301 a 4500 | ||
|---|---|---|---|
| 001 | 11810737 | ||
| 005 | 20161206113152.0 | ||
| 008 | 991014s2000 maua b 001 0 eng | ||
| 010 | _a 99053231 | ||
| 020 | _a0070393605 (acidfree paper) | ||
| 040 |
_aDLC _cDLC _dDLC |
||
| 042 | _apcc | ||
| 050 | 0 | 0 |
_aTA190 _b.O24 2000 |
| 082 | 0 | 0 |
_a690.068 _222 _bOBE |
| 100 | 1 |
_923039 _aOberlender, Garold D. |
|
| 245 | 1 | 0 |
_aProject Management for Engineering and Construction / _cGarold D. Oberlender. |
| 250 | _a2nd ed. | ||
| 260 |
_aBoston : _bMcGraw-Hill, 2000 _cc2000. |
||
| 300 |
_axv, 368 p. : _bill. ; _c25 cm. |
||
| 490 |
_917916 _aMcGraw-Hill Series in Construction Engineering and Project Management |
||
| 504 | _aIncludes bibliographical references and index. | ||
| 650 | 0 |
_aEngineering _xManagement. _923040 |
|
| 653 |
_bCiv _cApril2011 |
||
| 856 | 4 | 1 |
_3Table of contents _uhttp://www.loc.gov/catdir/toc/mh031/99053231.html |
| 856 | 4 | 2 |
_3Publisher description _uhttp://www.loc.gov/catdir/description/mh031/99053231.html |
| 942 |
_2ddc _cBB |
||
| 999 |
_c15108 _d15108 |
||